000 00308nam a2200121Ia 4500
008 240731s9999 xx 000 0 und d
022 _a1465-7309
245 0 _aHarvard Review of Psychiatry
260 _bTaylor & Francis
856 _uhttps://www.tandfonline.com/loi/ihrp20
942 _2ddc
942 _cTFEJ
999 _c76798
_d76798
945 _a1
_bMadushi Gamage
_c1
_dMadushi Gamage